| 000 | 00546nam a2200205 a 4500 | ||
|---|---|---|---|
| 001 | 000018640 | ||
| 005 | 20200929165832.0 | ||
| 008 | 100512s1992 ve r 000 m spa d | ||
| 020 | _a9803250132 | ||
| 040 |
_aDO-SdBNP _bspa _cBNPHU |
||
| 082 |
_aP860.42 _bV18c |
||
| 100 | 1 |
_aVallejo, César _940275 |
|
| 245 | 1 | 0 |
_aContra el secreto profesional / _cCésar Vallejo. |
| 260 |
_aCaracas : _bTropykos, _c1992. |
||
| 300 |
_a84 p. ; _c19 cm. |
||
| 490 | 1 | _aPARIA | |
| 650 | 4 |
_aLiteratura peruana _93140 |
|
| 830 | 0 |
_aPARIA _916909 |
|
| 049 | _aBNGR | ||
| 999 |
_c18160 _d18160 |
||